| 000 | 02688nam a22002657a 4500 | ||
|---|---|---|---|
| 003 | GR-AtMCL | ||
| 005 | 20251217104020.0 | ||
| 006 | a|||||r||||||||||| | ||
| 008 | s2010||||gr a|||e b||| 001 gre d | ||
| 020 | _a9789604613939 | ||
| 040 |
_aGR-AtMCL _bgre _dGR-AtMCL _eAACR2 |
||
| 041 | 1 | _heng | |
| 100 |
_aOsborne, Martin J. _910183 |
||
| 245 | 1 | 0 |
_aΕισαγωγή στη θεωρία παιγνίων / _cMartin J. Osborne ; [μετάφραση Φώτης Σκουλαρίκης] |
| 260 |
_aΑθήνα : _bΚλειδάριθμος, _c2010 |
||
| 300 |
_a760 σ. : _bεικ. ; _c24 εκ. |
||
| 500 | _aΤίτλος πρωτοτύπου: An introduction to game theory | ||
| 500 | _aΤο κείμενο είναι μεταφρασμένο από τα αγγλικά | ||
| 504 | _aΒιβλιογραφία: σ. [725]-744 | ||
| 520 | _aΗ συλλογιστική της θεωρίας παιγνίων έχει διαποτίσει την οικονομική θεωρία και χρησιμοποιείται ευρέως σε άλλες κοινωνικές και συμπεριφορικές επιστήμες. Το βιβλίο αυτό παρουσιάζει τις κύριες ιδέες της θεωρίας παιγνίων και δείχνει πώς μπορούν αυτές να χρησιμοποιηθούν για την κατανόηση οικονομικών, κοινωνικών, πολιτικών, και βιολογικών φαινομένων. Δεν προϋποθέτει καμία γνώση οικονομικών, πολιτικών επιστημών, ή καμίας άλλης κοινωνικής ή συμπεριφορικής επιστήμης. Δίνει έμφαση στις ιδέες που υπάρχουν πίσω από τη θεωρία παιγνίων, και όχι στη μαθηματική αναπαράσταση τους, και δεν απαιτεί καμία συγκεκριμένη γνώση μαθηματικών πέρα από εκείνες που τυπικά διδάσκονται στα λύκεια. (...) Ο στόχος μου είναι να εκφράσω τις κύριες ιδέες της θεωρίας παιγνίων όσο το δυνατόν απλούστερα, διατηρώντας παράλληλα την πλήρη ακρίβεια όσο πια άνετα αισθάνεστε με την αυστηρή λογική ανάλυση, τόσο ευκολότερα θα βρείτε τα επιχειρήματα. | ||
| 650 | 0 | 0 |
_aΔιοίκηση και οργάνωση _910001 |
| 650 | 0 | 0 |
_aΘεωρία παιγνίων _910184 |
| 942 | _cBK | ||
| 999 |
_c9990 _d9990 |
||